[Event "Moscow-ch final"]
[Site "Moscow"]
[Date "2019.03.30"]
[Round "1"]
[White "Kireev, Igor"]
[Black "Teiitbaev, Aktilek"]
[Result "1-0"]
[WhiteElo "1673"]
[BlackElo "2193"]
[PlyCount "77"]
[EventDate "2019.03.30"]
[EventType "swiss"]
[EventRounds "9"]
[EventCountry "RUS"]
[SourceTitle "CBM 189 Extra"]
[Source "ChessBase"]
[SourceDate "2019.05.31"]
[SourceVersion "1"]
[SourceVersionDate "2019.05.31"]
[SourceQuality "1"]

1. e4 c5 2. Nf3 d6 3. d4 cxd4 4. Nxd4 Nf6 5. Nc3 a6 6. f3 e5 7. Nb3 Be6 8. Be3 Be7 9. Qd2 0-0 10. 0-0-0 a5 11. Bb5 Na6 12. g4 Nc7 13. Bb6 Qb8 14. g5 Nh5 15. Nxa5 Rc8 16. Bc4 Bxc4 17. Nxc4 Ne6 18. Nxd6 Rc6 19. Nf5 Bb4 20. Qe3 Ra6 21. Nd5 Raxb6 22. Nxb4 Rxb4 23. Ne7+ Kf8 24. Nxc6 bxc6 25. Qa3 Kg8 26. h4 Nhf4 27. Rd7 g6 28. c3 Rb7 29. Rhd1 Ne2+ 30. Kb1 c5 31. R1d2 Rxd7 32. Rxd7 N2f4 33. Qa6 Qe8 34. Ra7 Kg7 35. Qd6 Nf8 36. Qf6+ Kg8 37. Re7 Nh5 38. Rxe8 Nxf6 39. gxf6 1-0